000 01311nam a2200313Ia 4500
001 ebr10380161
003 CaPaEBR
006 m u
007 cr cn|||||||||
008 060908s2006 ne sb 001 0deng d
020 _z9042020857 (pbk.)
020 _z9789042020856
040 _aCaPaEBR
_cCaPaEBR
035 _a(OCoLC)86131287
050 1 4 _aPR4717
_b.R38 2006eb
100 1 _aRawlinson, Barbara.
245 1 2 _aA man of many parts
_h[electronic resource] :
_bGissing's short stories, essays and other works /
_cBarbara Rawlinson.
260 _aAmsterdam ;
_aNew York, NY :
_bRodopi,
_c2006.
300 _axviii, 288 p.
490 1 _aCosterus,
_x0165-9618 ;
_vnew ser. ;
_v59
504 _aIncludes bibliographical references (p. [259]-273) and index.
533 _aElectronic reproduction.
_bPalo Alto, Calif. :
_cebrary,
_d2010.
_nAvailable via World Wide Web.
_nAccess may be limited to ebrary affiliated libraries.
600 1 0 _aGissing, George,
_d1857-1903
_xCriticism and interpretation.
650 0 _aEnglish literature
_y19th century.
655 7 _aElectronic books.
_2local
710 2 _aebrary, Inc.
830 0 _aCosterus ;
_vnew ser., v. 159.
856 4 0 _uhttp://site.ebrary.com/lib/rucke/Doc?id=10380161
_zAn electronic book accessible through the World Wide Web; click to view
999 _c100978
_d100978